000 00687nam a2200217Ia 4500
001 20601
003 GE_BSU
008 181216s||||||||xx |||||||||||||| ||und||
040 _cGE_BSU
080 _a0869-4044
245 _aРеферативный журнал, №4. 2017. Биология.
245 _bРаздел. Ботаника. Высшие растения.
245 _cгл.ред.РАН Р.В.Петров и др.
260 _aМосква
260 _c2017
300 _a36стр. 30см.
653 _aПериодика
653 _aРеферативный журнал, №4.2017. Биология.
653 _aპერიოდიკა
942 _cCR
999 _c53555
_d53555